000
00286nam a22001337a 4500
008
170222b xxu||||| |||| 00| 0 alb d
020
_a
9789995619220
041
_a
alb
080
_a
616.31
100
_a
5
101
_a
SHS
245
_a
MORFOLOGJI DENTARE
_c
FONZI, L
942
_2
udc
_c
BK
999
_c
6059
_d
6059